La Santa de la esperanza / (Registro nro. 141371)

Detalles MARC
000 -LEADER
campo de control de longitud fija 00624nam a2200193 i 4500
001 - NÚMERO DE CONTROL
campo de control 141371
003 - IDENTIFICADOR DE NÚMERO DE CONTROL
campo de control ES-MaACL
005 - FECHA Y HORA DE LA ÚLTIMA TRANSACCIÓN
campo de control 20230906200300.0
007 - CAMPO FIJO DE DESCRIPCIÓN FÍSICA--INFORMACIÓN GENERAL
campo de control de longitud fija t|
008 - DATOS DE LONGITUD FIJA--INFORMACIÓN GENERAL
campo de control de longitud fija 070921s1972 sp ||||1| spa d
080 ## - NÚMERO DE LA CLASIFICACIÓN DECIMAL UNIVERSAL
Número de la Clasificación Decimal Universal 929 Teresa del Niño Jesús. Santa
100 1# - ENTRADA PRINCIPAL--NOMBRE DE PERSONA
Nombre de persona Villarroel de Santa Inés, Fernando.
9 (RLIN) 115142
245 13 - MENCIÓN DEL TÍTULO
Título La Santa de la esperanza /
Mención de responsabilidad, etc. Fernando Villarroel de Santa Inés.
260 ## - PUBLICACIÓN, DISTRIBUCIÓN, ETC.
Lugar de publicación, distribución, etc. [Burgos :
Nombre del editor, distribuidor, etc. s.n.,
Fecha de publicación, distribución, etc. 1972] (
Fabricante Imp. Monte Carmelo)
300 ## - DESCRIPCIÓN FÍSICA
Extensión 143 p. ;
Dimensiones 16 cm.
600 04 - PUNTO DE ACCESO ADICIONAL DE MATERIA--NOMBRE DE PERSONA
Nombre de persona Teresa del Niño Jesús,
Títulos y otros términos asociados al nombre Santa
9 (RLIN) 109739
852 ## - LOCALIZACIÓN
Ubicación ES-MaACL
Número de control de estantería C-43934
Sublocalización o colección R.83415
Existencias
Estatus retirado Estado de pérdida Estado de daño No para préstamo Biblioteca de origen Biblioteca actual Ubicación en estantería Fecha de adquisición Fuente de adquisición Total de préstamos Signatura topográfica completa Código de barras Visto por última vez Precio de reemplazo Tipo de ítem Koha
        Biblioteca del Ateneo de Madrid Biblioteca del Ateneo de Madrid Depósito 2 17/01/2008     C-43934 1147100 23/02/2023 23/02/2023 Libro impreso